000 00748nam a2200229 4500
003 OSt
005 20260601171006.0
008 260507b1977\\\\mx\a||||\||||\00|\0\spa\d
040 _aICI
_bspa
_cICI
041 _aspa
050 _aNA2563
_bL65
100 1 _a López Rangel, Rafael,
_eautor
_932215
245 1 _aContribución a la visión crítica de la arquitectura /
_cRafael López Rangel ; editor Lorenzo Terán Olguín
264 1 _aPuebla :
_bUniversidad Autónoma de Puebla,
_c1977,
300 _a212 páginas :
_bilustraciones
336 _atexto
_2rdacontent
337 _asin medio
_2rdamedia
338 _avolumen
_2rdacarrier
650 _aArquitectura
_95213
700 _aTerán Olguín, Lorenzo,
_eeditor
_932216
942 _2lcc
_cB
_n1
999 _c20270
_d20270